History Quiz

Random History or Year Quiz

2014 Quiz Stats

 Plays Quiz not verified by Sporcle

Challenge
Share
Tweet
Embed
Score 0/25 Timer 06:00
0 Plays Today
Clue Answer % Correct
With what country did the United States restore diplomatic relations?Cuba
87%
What virus caused in epidemic that began in February and killed more than ten thousand people?Ebola
78.3%
What Islamist extremist group kidnapped more than 200 girls and women in Nigeria?Boko Haram
78.3%
What American actor and comedian took his own life?Robin Williams
78.3%
The twenty-second Winter Olympic Games were held in which city?Sochi
73.9%
Russia formally annexed what previously Ukrainian peninsula?Crimea
73.9%
What country hosted the 2014 World Cup?Brazil
73.9%
What country launched an invasion of Palestine and killed 2,100 Palestinians?Israel
73.9%
Which political party took back the United States Senate after the midterm elections?Republican Party
69.6%
What airline's Flight 370 was lost and has not been found?Malaysia Airlines
56.5%
What terrorist organization declared itself a caliphate?Islamic State
47.8%
Which country saw its first case of Ebola?United States of America
47.8%
Major protests end in what Asian city?Hong Kong
43.5%
Clue Answer % Correct
What team won its third World Series in five years?San Francisco Giants
43.5%
The owner of which NBA team was banned for life after tapes of him making racist comments were released?Los Angeles Clippers
26.1%
What acclaimed American poet died in North Carolina?Maya Angelou
26.1%
Which British actor and director died at the age of 90?Richard Attenborough
26.1%
Security agents of which corporation were convicted of murdering unarmed Iraqi civilians?Blackwater
26.1%
The European Space Agency landed a spacecraft on what for the first time in history?Comet
26.1%
What country became the 18th to adopt the Euro as its currency?Latvia
21.7%
What rebel group took control of the capital of Yemen?Houthis
21.7%
Who won a third term as president of Bolivia?Evo Morales
17.4%
Which political party won a majority of seats in India's parliamentary election?Bharatiya Janata Party
13%
What American folk singer and civil rights activist died in Manhattan?Pete Seeger
4.3%
The Central Intelligence Agency admitted to spying on what group?United States Senate
4.3%

You're not logged in!

Compare scores with friends on all Sporcle quizzes.
Join for Free
OR
Log In

You Might Also Like...

Show Comments

Extras

Top Quizzes Today


Score Distribution

Your Account Isn't Verified!

In order to create a playlist on Sporcle, you need to verify the email address you used during registration. Go to your Sporcle Settings to finish the process.

Report this User

Report this user for behavior that violates our Community Guidelines.

Details: